| 000 | 00915nam a22003610a 4500 | ||
|---|---|---|---|
| 001 | PT32406 | ||
| 003 | AR-LpoUNG | ||
| 005 | 20210131225942.0 | ||
| 008 | 191001s2006||||ag |||||||||||||||||spa d | ||
| 020 |
_a950754190X _c$8 |
||
| 040 |
_aAR-LpoUNG _bspa _cAR-LpoUNG _eaacr |
||
| 041 | _aspa | ||
| 044 | _aag | ||
| 082 | 0 | _a982.064 444per | |
| 100 | 1 | _aMattini, Luis | |
| 245 | 1 | 4 |
_aLos perros : _bmemorias de un combatiente revolucionario |
| 250 | _a2da. ed. | ||
| 260 |
_aBuenos Aires : _bContinente, _c2006. |
||
| 300 |
_a252 p. : _bfot. |
||
| 650 | 4 | _aARGENTINA | |
| 650 | 4 | _aDICTADURA | |
| 650 | 4 | _aFUERZAS ARMADAS | |
| 650 | 4 | _aGOBIERNO MILITAR | |
| 650 | 4 | _aHISTORIA POLITICA | |
| 650 | 4 | _aHISTORIA SOCIAL | |
| 650 | 4 | _aIDEOLOGIAS POLITICAS | |
| 650 | 4 | _aPARTIDOS POLITICOS | |
| 650 | 4 | _aREVOLUCION | |
| 650 | 4 | _aTRABAJADORES | |
| 651 | 4 | _aArgentina | |
| 905 | _a32406 | ||
| 942 | _cLIB | ||
| 999 |
_c680 _d680 |
||